| 000 | 00533nam a2200229Ia 4500 | ||
|---|---|---|---|
| 008 | 210210b2011 xxu||||| |||| 00| 0 eng d | ||
| 020 | _a9788131712979 | ||
| 041 | _aeng | ||
| 082 | _a152 CARF | ||
| 100 | _aCARLSON (Neil R) | ||
| 245 | _aFoundations of physiological psychology Ed 6 | ||
| 260 |
_aNew Delhi _bPearson _c2011 |
||
| 300 | _axv,576 | ||
| 650 | _apsychology | ||
| 650 | _aphysiological | ||
| 650 | _aof | ||
| 650 | _aFoundations | ||
| 650 | _aEd | ||
| 650 | _a6 | ||
| 690 | _aPsychology | ||
| 906 | _a066024 | ||
| 999 |
_c146770 _d146770 |
||